000 00641cam a2200193u 4500
001 000019587
005 20200929170052.0
008 840418s1938 xx 000 0 spa
010 _a40021491
040 _aDO-SdBNP
_cCarP
_dDLC
050 0 0 _aPQ2619.A5
_bR74 1938
100 1 _aJammes, Francis,
_d1868-1938.
_942008
240 0 0 _aRosaire au soleil. Spanish. [from old catalog]
245 1 0 _aRosario al sol.
260 _aBuenos Aires-Mexico, :
_bEspasa-Calpe argentina, s.a.,
_c[1938].
300 _a4 p.l., 11-177 p., :
_b1 l. ;
_c18 cm.
700 1 _aDonato, Magda, [from old catalog]
_etr.
_942009
910 _aCatalogación derivada / LC
999 _c19103
_d19103